005960c a2200169 4500001001000000008004000010050002200050100002300072245012300095250001100218260003500229300002100264440002100285650005000306700003200356700003800388aIQ001116a s1969 ck spa aQA154.2 bS6 1969 aSpiegel, Murray R. aTeoria y problemas de algebra superior /cMurray R. Spiegel ; tr. Ruiz Gutiérrez Diez, Angel Gutiérrez Vázquez. a1a ed. aColombia :bMcGraw-Hill,c1969 a312 p. ;c28 cm. aCompendio Schaum aÁlgebraxProblemas, ejercicios, etc. 2Lemb aGutiérrez Diez, Luis, tr. aGutiérrez Vázquez, Angel, tr.